000 00535nam a2200181Ia 4500
999 _c3186
_d3186
003 OSt
005 20200821130530.0
008 190216s9999||||xx |||||||||||||| ||und||
020 _a8122403018
040 _coclc
082 _a628.5
_bRAO/E
100 _aRao, C S
_94270
245 0 _aEnvironmental Pollution Control Engineering /
_cC S Rao
260 _bNew Age International Publishers,
_c2004.
_aNew Delhi:
300 _a431p
650 _aChemistry-Chemistry
942 _cBK
_2ddc
_h628.5
_iRAO/E
_k628.5
_mRAO/E